000 00597 a2200157 4500
005 20190806102642.0
008 190529b1979 cr ||||| |||| 00| 0 spa d
040 _aCO-BoUCM
_bspa
_cOscar Ávila (modificó)
_dOscar Ávila (modificó)
041 0 _aspa
100 1 0 _aJiménez, Mario Alberto
_996598
245 1 0 _aDesarrollo constitucional de Costa Rica
_cMario Alberto Jiménez
260 _bEditorial Juricentro
_c1979
_aCosta Rica
_g1979
650 7 _912725
_aDerecho constitucional
_zCosta Rica
942 _cLIBRO
_2DEWEY
_a8
_e3
_h342.728601
_mJ614d
_n0
999 _c312596
_d312596